000 00631nam a22002057a 4500
999 _c94306
_d94306
005 20221216150708.0
010 _aENG-113293 ENG-135896
020 _c525.00
_a9788120350571
035 _aEN-96825
035 _aEN-119428
037 _bDBAD/PUB
082 _a302
100 _aArun Kumar Singh
245 _aSocial psychology /
_cby Arun Kumar Singh
260 _aDelhi
_bPHI Learning
_c2015
270 _aRimjhim House, 111, Patparganj Industrial Estate,
_bDelhi
_e110092
300 _axiv,709p.
_c25cm(pbk)
500 _aIncludes bibliographical references and index
942 _2ddc
_cEN
_mARU
_h302